000 02148nam a2200301 4500
001 0000013875
003 CO-CtgCURN
005 20250331185247.0
007 ta
008 160627s 000 0 eng d
020 _a9789584407450
040 _aCO-CtgCURN
_bspa
_ccoctgcurn
082 0 _a658
_bEn18
245 0 0 _aEncuentro Nacional de Investigación y docencia :
_bepistemología, Investigación y educación en las ciencias administrativas. Encuentro Nacional de Investigación y Docencia.
260 _aPopayan :
_bAsociacion Colombiana de Facultades de Administración
300 _a357 p.
336 _2rdacontent
337 _2rdamedia
_asin mediacion
_bn
338 _2rdacarrier
_avolumen
_bnc
500 _aIncluye indice.
504 _aBibliografia (p. 357)
505 8 _aComentario sobre la Investigación en Administración en colombia.--Estudios interdisciplinarios de la gestion humana.--Contexto gestion e investigación.--Reflexiones basicas acerca de la problematica de la Administración de empresa en colombia.--Organizaciones informales y espacio publico.--La interpretacion comprehensiva como elemento fundante para la Investigación formativa en administracion.--Caracteristicas generales de las experiencias subjetivas de los estudiantes, maestros y directivos sobre la autonomia en los procesos de enseñanza aprendizaje en la facutlad de Administración de empresas del politecnico grancolombiano.--·Una epistemología de la Administración?.--Análisis del clima organizacional en empresas de la ciudad de Santa Marta durante el año 2005.--Los rastros dela gestion, la economia y la contadura: · Islas del conocimiento o periferias de la realidad?.--Sistematizacion de la experiencia en la construcción colectiva de la vision estrategica del departamento del Caueta al año 2025.--El contexto cultural como elemento de competencia para el negocio funerario
650 1 4 _aAdministración de empresas
_vCongresos, conferencias, etc.
700 1 _aSanabria R., Mauricio.
908 _a160627
942 _cBK
_h658
_iEn18
_2ddc
999 _c24480
_d24480